000 00504nam a22001697a 4500
001 45657
003 BD-DhUET
008 260422b xxu||||| |||| 00| 0 eng d
040 _c0
_dBD-DhUET
100 _a Farhan Niaj Neebir, Muhammad
245 _aSurvey and data analysis of EGG based lie detection techniques
260 _aDhaka
_bDepartment of Computer Science and Engineering, BUET
_c2026
300 _aviii,49p.
501 _aOne CD-ROM
504 _aIncludes bibliographies
942 _cTH
999 _c45657
_d45657